| 000 | 00574nam a2200193 a 4500 | ||
|---|---|---|---|
| 005 | 20210219152855.0 | ||
| 008 | 991125n 000 0 u | ||
| 035 | _aUPN01000064633 | ||
| 100 | 1 | _aNeff, Gunther | |
| 222 |
_aEDUCACION : _bCOLECCION SEMESTRAL DE APORTACIONES ALEMANAS RECIENTES EN LAS CIENCIAS PEDAGOGICAS |
||
| 245 | _aAprendizaje social mediante interpretación de papeles | ||
| 300 | _a114-124 | ||
| 362 | 0 | _a1977 Vol. 15 | |
| 653 | 0 | _aAPRENDIZAJE | |
| 653 | 0 | _aNIÑOS | |
| 653 | 0 | _aSOCIOLOGIA EDUCATIVA | |
| 904 |
_aAC _b002444 |
||
| 905 | _aArticulo | ||
| 999 |
_c62670 _d62670 |
||